000 01473nam a22003257a 4500
005 20120517141249.0
008 120517t xxu||||| |||| 00| 0 eng d
010 _aENG-105303
020 _a9788124605950
_c800.00
020 _a8124605955
_c800.00
035 _aEN-88836
037 _bDBAD/PUB
040 _aDPL
_bEng
082 _a181.46
100 _aNarayana Prasad
_947159
_d1938-
245 _aThree ācāryas and Narayana Guru :
_cby Swami Muni Narayana Prasad.
_bthe ongoing revaluation of Vedānta /
260 _aNew Delhi
_bD.K. Printworld
_c2011
270 _a'Srikunj', F-52, Bali Nagar, Ramesh Nagar Metro Station
_bNew Delhi
_e110015
300 _axii, 449 p.
_c23cm(Hb)
500 _aIncludes bibliographical references (p. [436]-439) and index
505 _aPt. 1. The lives and teachings of the three Ācāryas and Narayana Guru -- pt. 2. Ideas of the three Ācāryas unitively revisualised.
546 _aIncludes passages in Sanskrit
_b (Sanskrit in roman).
600 _aNarayana Guru
_d1856-1928
_947287
_xTeachings.
600 _aŚaṅkarācārya
_xTeachings.
_947288
600 _aRāmānuja,
_d1017-1137
_947289
_xTeachings.
600 _aMadhva
_d13th cent.
_947290
_xTeachings.
650 _aVedanta.
_947291
942 _2ddc
_cEN
_mNAR
_h181.46
999 _c66810
_d66810